000 01179nam a22003857a 4500
001 BR2023000983
003 BR-BrBNA
005 20230823161531.0
008 230823b bl.||||| |||| 00| 0 por d
020 _a978-85-7300-278-8
040 _aBR-BrBNA
_bpor
_cBiblioteca Nacional de Agricultura
041 _apor
072 _aM11 ; E16 ; E70
_b8100
090 _a8100 BR2023000983
110 _aInstituto Brasileiro do Meio Ambiente e dos Recursos Naturais Renováveis, Brasília, DF (Brazil)
245 _aEstatística da pesca 2006 Brasil: grandes regiões e unidades da federação
_bResumo
260 _aBrasília, DF (Brazil)
_c2008
300 _a20 p.
_e1 cd-rom
500 _a2 illus.; 13 graphs
650 _aPISCICULTURA
650 _aAQUICULTURA
650 _aPESCA CONTINENTAL
650 _aPESCA MARINHA
650 _aPRODUÇÃO PESQUEIRA
650 _aESTATÍSTICA PESQUEIRA
650 _aECONOMIA PESQUEIRA
650 _aPESCA ARTESANAL
650 _aPESCA INDUSTRIAL
650 _aCOMERCIALIZAÇÃO
650 _aBALANÇO COMERCIAL
650 _aEXPORTAÇÃO
650 _aIMPORTAÇÃO
909 _a202308
_bFernando
942 _cBK
999 _c9875
_d9875